000 01032nam a22002777a 4500
001 4405
003 FISKH
005 20240820145834.0
008 240820b cb ||||| |||| 00| 0 eng d
020 _a0594848233
040 _aFISKH
_beng
_cFISKH
_dFISKH
050 _aPZ7.W15938
100 _aWallner, Alexandra
_eauthor
245 _aStrawberry Shortcake and the Winter That Would Be Not End /
_cby Alexandra Wallner : illustrated by Mecedes Llimona
260 _aNew York :
_bRandom House ;
_c1982.
300 _a41 unnumbered pages :
_bcolor illustrations ;
_c29 cm .
490 _aStrawberry Shortcake
505 _aK
520 _aIn their search for a stolen magic snow crystal on which the coming of spring depends, the kids and animals of Strawberryland come in contact with a lonely old badger.
521 8 _a510
_bLexile estimate
521 8 _aK
_bRaz-Plus
600 _2Strawberry Shortcake
_vfiction
700 _aLlimona, Mercedes
_eillustrator
942 _2ddc
_cBK
_n0
999 _c4405
_d4405